Balduino Enrico (Record no. 103559)

MARC details
000 -LEADER
campo de control de longitud fija 00748nam a2200205 i 4500
001 - NÚMERO DE CONTROL
campo de control 103559
003 - IDENTIFICADOR DE NÚMERO DE CONTROL
campo de control ES-MaACL
005 - FECHA Y HORA DE LA ÚLTIMA TRANSACCIÓN
campo de control 20230906183410.0
007 - CAMPO FIJO DE DESCRIPCIÓN FÍSICA--INFORMACIÓN GENERAL
campo de control de longitud fija t|
008 - DATOS DE LONGITUD FIJA--INFORMACIÓN GENERAL
campo de control de longitud fija 060417s1934 sp bf |||| |dspa d
080 ## - NÚMERO DE LA CLASIFICACIÓN DECIMAL UNIVERSAL
Número de la Clasificación Decimal Universal 929 Enrico, Balduino
080 ## - NÚMERO DE LA CLASIFICACIÓN DECIMAL UNIVERSAL
Número de la Clasificación Decimal Universal 9(729.5 S.J.)"16"
100 1# - ENTRADA PRINCIPAL--NOMBRE DE PERSONA
Nombre de persona Géigel Sabat, Fernando J.
9 (RLIN) 56212
245 10 - MENCIÓN DEL TÍTULO
Título Balduino Enrico
Resto del título : estudio sobre el general Balduino Enrico y el asedio de la ciudad de San Juan de Puerto Rico por la flota holandesa en 1625... /
Mención de responsabilidad, etc. Fernando J. Géigel Sabat.
260 ## - PUBLICACIÓN, DISTRIBUCIÓN, ETC.
Lugar de publicación, distribución, etc. Barcelona :
Nombre del editor, distribuidor, etc. Araluce,
Fecha de publicación, distribución, etc. 1934.
300 ## - DESCRIPCIÓN FÍSICA
Extensión 213 p., 10 lám., 2 h. map. pleg. ;
Dimensiones 19 cm.
600 14 - PUNTO DE ACCESO ADICIONAL DE MATERIA--NOMBRE DE PERSONA
Nombre de persona Enrico, Balduino.
9 (RLIN) 47263
651 #4 - PUNTO DE ACCESO ADICIONAL DE MATERIA--NOMBRE GEOGRÁFICO
Nombre geográfico San Juan (Puerto Rico)-
Subdivisión general Historia.
9 (RLIN) 9357
852 ## - LOCALIZACIÓN
Ubicación ES-MaACL
Número de control de estantería C-56880
Holdings
Estatus retirado Estado de pérdida Estado de daño No para préstamo Biblioteca de origen Biblioteca actual Ubicación en estantería Fecha de adquisición Fuente de adquisición Total de préstamos Signatura topográfica completa Código de barras Visto por última vez Precio de reemplazo Tipo de ítem Koha
        Biblioteca del Ateneo de Madrid Biblioteca del Ateneo de Madrid Depósito 2 17/01/2008     C-56880 1108126 23/02/2023 23/02/2023 Libro impreso